Anglicko-slovenská terminológia z oblasti typológie podnikov

Uložené v:
Podrobná bibliografia
Hlavný autor: Cenková, Marianna
Ďalší autori: Kováčová, Eva
Médium: Kapitola
Jazyk:Slovak
Tagy: Pridať tag
Žiadne tagy, Buďte prvý, kto otaguje tento záznam!

MARC

LEADER 00000naa$a2200000$$$4500
001 0060788
005 20240502071656.5
041 0 |a slo 
044 |a SK 
245 1 0 |a Anglicko-slovenská terminológia z oblasti typológie podnikov  |c Marianna Cenková, Eva Kováčová 
100 1 |a Cenková, Marianna 
700 1 |a Kováčová, Eva